Song to Artist #4: PG movies and cartoons - Statistics

General Stats
  • This quiz has been taken 16 times
  • The average score is 3 of 10
Answer Stats
Hint Answer % Correct
Pharrell Williams (Despicable Me 2) Happy
75%
Zac Efron, Zendaya (The Greatest Showman) Rewrite The Stars
67%
Will Smith (Aladdin (2019)) Friend Like Me
50%
Roger Bart (Disney's Hercules) Go The Distance
33%
Brad Paisley ft. Robbie Williams (Disney Pixar's Cars 2) Collision of Worlds
17%
JoLi (The Lego Movie) Everything Is Awesome
17%
Juice WRLD ft. Seezyn (Spiderman into the Spiderverse) Hide
17%
Olivia Rodrigo (High School Musical 3: Senior Year) All I Want
8%
Alan Menken (Disney's Beauty And The Beast) Be Our Guest
8%
Oh, Hush! ft. Will Arnett (The Lego Ninjago Movie) Found My Place
8%
No matching quizzes found
Score Distribution
Percent of People with Each Score
Percentile by Number Answered
Your Score History
You have not taken this quiz